000 00744nam a2200241 i 4500
001 13024
003 ES-MaACL
005 20230906150455.0
007 t|
008 971117s1993 mx ||||1| spa d
020 _a968-16-3674-0
080 _a82.09
100 1 _aRexroth, Kenneth.
_996480
245 1 0 _aRecordando a los clásicos /
_cKenneth Rexroth.
250 _a1ª ed. en español.
260 _aMéxico :
_bFondo de Cultura Económica,
_c1993.
300 _a269 p. ;
_c21 cm.
490 1 _aSección de obras de lengua y estudios literarios
650 _aLiteratura-
_xHistoria y crítica.
_914489
830 1 _aSección de obras de lengua y estudios literarios
_9187136
852 _aES-MaACL
_jL-20392
999 _c13024
_d13024